Muhammad his life based on the earlist sources (Record no. 554008)

000 -LEADER
fixed length control field 00359nam a22001217a 4500
082 ## - DEWEY DECIMAL CLASSIFICATION NUMBER
Classification number 297.63
Author Mark LIN
100 ## - MAIN ENTRY--PERSONAL NAME
Personal name Martin, Lings (Abubakr siraj ad din)
9 (RLIN) 51283
245 ## - TITLE STATEMENT
Title Muhammad his life based on the earlist sources
260 ## - PUBLICATION, DISTRIBUTION, ETC.
Place of publication, distribution, etc. Rawalpindi,
Name of publisher, distributor, etc. Service book club,
Date of publication, distribution, etc. 1985.
300 ## - PHYSICAL DESCRIPTION
Extent 359p.
526 ## - STUDY PROGRAM INFORMATION NOTE
Program name 0
Interest level 0
Reading level 0
Title point value 297_630000000000000_LIN
942 ## - ADDED ENTRY ELEMENTS (KOHA)
Source of classification or shelving scheme
Koha item type Book
Holdings
Withdrawn status Lost status Source of classification or shelving scheme Damaged status Not for loan Permanent Location Current Location Date acquired Total Checkouts Total Renewals Full call number Barcode Date last seen Date last checked out Price effective from Koha item type
          Military College of Engineering (MCE) Military College of Engineering (MCE) 12/29/2017 2 1 297.63 LIN MCE-40918 05/21/2018 03/19/2018 12/29/2017 Book
© 2023 Central Library, National University of Sciences and Technology. All Rights Reserved.